[Event "4th Mediterranean Open"]
[Site "Rijeka CRO"]
[Date "2010.11.14"]
[Round "3"]
[White "Stevic, Hrvoje"]
[Black "Yilmaz, Mustafa"]
[Result "1-0"]
[WhiteTitle "GM"]
[BlackTitle "IM"]
[WhiteElo "2621"]
[BlackElo "2476"]
[WhiteFideId "14502569"]
[BlackFideId "6302718"]
[EventDate "2010.11.13"]

1. e4 c5 2. d3 Nc6 3. f4 d5 4. Be2 Nf6 5. e5 Ng8 6. Nf3 g6 7. O-O Bg7 8. c4 d4
9. Ng5 Nh6 10. Bf3 Qc7 11. Na3 O-O 12. Nc2 Rb8 13. Ne4 b6 14. a3 f6 15. exf6
exf6 16. b4 Nd8 17. a4 Ne6 18. g3 Nf7 19. Re1 Bd7 20. a5 b5 21. Nxc5 Nxc5 22.
bxc5 bxc4 23. Nxd4 Rbd8 24. Be3 cxd3 25. c6 Bh3 26. Qxd3 Rfe8 27. Bf2 Rxe1+ 28.
Rxe1 Qxa5 29. Qc4 Bf8 30. Ne6 Re8 31. Bd5 Qb4 32. c7 Qxc4 33. Bxc4 Rc8 34. Nxf8
Rxc7 35. Re8 Rc8 36. Rxc8 Bxc8 37. Nxh7 Kg7 38. Bxf7 1-0

[Event "4th Mediterranean Open"]
[Site "Rijeka CRO"]
[Date "2010.11.14"]
[Round "3"]
[White "Battaglini, Gabriel"]
[Black "Predojevic, Borki"]
[Result "0-1"]
[WhiteTitle "IM"]
[BlackTitle "GM"]
[WhiteElo "2446"]
[BlackElo "2632"]
[WhiteFideId "621650"]
[BlackFideId "930849"]
[EventDate "2010.11.13"]

1. d4 Nf6 2. c4 e6 3. Nc3 Bb4 4. e3 O-O 5. Nf3 b6 6. Bd3 Bb7 7. O-O c5 8. d5
Bxc3 9. bxc3 exd5 10. cxd5 Bxd5 11. c4 Be6 12. Bb2 h6 13. Nh4 Nc6 14. Qf3 Re8
15. Nf5 Bxf5 16. Qxf5 Qe7 17. Bxf6 Qxf6 18. Qh7+ Kf8 19. Rad1 Rad8 20. f4 Rxe3
21. Be4 Nd4 22. Rfe1 Rxe1+ 23. Rxe1 Ke7 24. Bd5+ Kd6 25. Qe4 Kc7 26. g3 Nc6 27.
Kg2 Nb4 28. a3 Nxd5 29. cxd5 Qd4 30. Qf5 Kd6 31. Re5 f6 32. Qg6 c4 33. Kh3 Kc7
34. Re7 Qxd5 35. Qc2 Kb8 36. Rxg7 Qd3 37. Qf2 c3 38. Re7 c2 39. Re1 Rc8 40. Rc1
d5 41. Kh4 d4 42. Qe1 Qc3 43. Qe7 d3 44. Qd6+ Kb7 45. Qd7+ Rc7 46. Qd5+ Ka6 47.
a4 d2 48. Qb5+ Kb7 49. Qd5+ Rc6 0-1

[Event "4th Mediterranean Open"]
[Site "Rijeka CRO"]
[Date "2010.11.14"]
[Round "3"]
[White "Plenca, Julijan"]
[Black "Jovanic, Ognjen"]
[Result "0-1"]
[WhiteTitle "FM"]
[BlackTitle "GM"]
[WhiteElo "2311"]
[BlackElo "2532"]
[WhiteFideId "14508044"]
[BlackFideId "14504081"]
[EventDate "2010.11.13"]

1. e4 c5 2. Nf3 e6 3. d4 cxd4 4. Nxd4 Nc6 5. Nc3 Qc7 6. g3 a6 7. Bg2 d6 8. O-O
Bd7 9. Re1 Be7 10. Be3 Nf6 11. Nb3 Ne5 12. Bd4 Nc4 13. Qe2 O-O 14. Nd1 Rac8 15.
Bc3 Rfe8 16. Ne3 Nxe3 17. Qxe3 e5 18. Rad1 Be6 19. Rd2 Nd7 20. Red1 Nb6 21. Qe1
Na4 22. Rd3 Qb8 23. Nc1 Bg4 24. Bf3 Nxc3 25. bxc3 Be6 26. h3 Bc4 27. Bg4 Bxd3
28. Nxd3 Rc4 29. Nb4 Bf8 30. Nd5 Qd8 31. Qe3 Ra4 32. Rb1 b5 33. Rb4 Rxa2 34. c4
Ra4 35. cxb5 Rxb4 36. Nxb4 axb5 37. Kg2 Qc7 38. c3 Qc5 39. Qd3 Qc4 40. Qe3 Qc5
41. Qd3 Ra8 42. Be2 Ra3 43. Qxb5 Qxb5 44. Bxb5 Rxc3 45. Nd5 Ra3 46. Ne3 Be7 47.
Bc6 Kf8 48. Bd5 Bd8 49. Nc4 Ra6 50. h4 Ba5 51. f4 Bc3 52. h5 exf4 53. gxf4 Bb4
54. Kg3 Ra1 55. Kg2 Bc5 56. e5 Rd1 57. Bf3 Rd4 0-1

[Event "4th Mediterranean Open"]
[Site "Rijeka CRO"]
[Date "2010.11.14"]
[Round "3"]
[White "Kozul, Zdenko"]
[Black "Martinovic, Sasa"]
[Result "1/2-1/2"]
[WhiteTitle "GM"]
[BlackTitle "IM"]
[WhiteElo "2595"]
[BlackElo "2502"]
[WhiteFideId "14502879"]
[BlackFideId "14509792"]
[EventDate "2010.11.13"]

1. d4 d5 2. c4 c6 3. e3 Nf6 4. Nc3 e6 5. Nf3 a6 6. Qc2 c5 7. dxc5 Bxc5 8. a3 O-O
9. b4 Ba7 10. Bb2 Qe7 11. Rd1 Rd8 12. cxd5 exd5 13. Be2 Nc6 14. O-O Bg4 15. b5
axb5 16. Nxb5 Bb6 17. Nfd4 Nxd4 18. Bxd4 Rdc8 19. Qb2 Bxd4 20. Rxd4 Bd7 21. a4
Bxb5 22. Qxb5 Rc5 23. Qb4 Rac8 24. Bf3 R8c7 25. g3 g6 26. Rfd1 Qe6 27. Kg2 h5
28. h4 Kg7 29. R1d2 Kh7 30. Qb3 Rc3 31. Qa2 R3c5 32. Bxd5 Nxd5 33. Rxd5 Qe4+ 34.
f3 Qxe3 35. Rd7 Qe8 36. Rxc7 1/2-1/2

[Event "4th Mediterranean Open"]
[Site "Rijeka CRO"]
[Date "2010.11.14"]
[Round "3"]
[White "Tate, Alan"]
[Black "Cvitan, Ognjen"]
[Result "1/2-1/2"]
[BlackTitle "GM"]
[WhiteElo "2234"]
[BlackElo "2526"]
[WhiteFideId "2401878"]
[BlackFideId "14500086"]
[EventDate "2010.11.13"]

1. e4 c5 2. Nf3 d6 3. d4 cxd4 4. Nxd4 Nf6 5. Nc3 a6 6. h3 e5 7. Nde2 h5 8. Bg5
Be6 9. f4 Nbd7 10. f5 Bc4 11. Ng3 Rc8 12. Qf3 h4 13. Bxc4 Rxc4 14. Nf1 1/2-1/2

[Event "4th Mediterranean Open"]
[Site "Rijeka CRO"]
[Date "2010.11.12"]
[Round "3"]
[White "Fercec, Nenad"]
[Black "Ivanov, Stojan Emilov"]
[Result "1-0"]
[WhiteTitle "GM"]
[WhiteElo "2491"]
[BlackElo "2205"]
[WhiteFideId "14500299"]
[BlackFideId "2903245"]
[EventDate "2010.11.13"]

1. e4 e5 2. Nf3 Nf6 3. d4 Nxe4 4. Bd3 d5 5. dxe5 Nc6 6. O-O Be7 7. Nc3 Nc5 8.
Bb5 a6 9. Bxc6+ bxc6 10. Nd4 Bd7 11. f4 O-O 12. f5 Ne4 13. Nxe4 dxe4 14. Qg4 c5
15. Bh6 Bf6 16. Nc6 Bxc6 17. Rad1 Bd7 18. exf6 Qxf6 19. Bg5 Qc6 20. Be7 Rfe8 21.
Rd6 cxd6 22. Bf6 g6 23. Qg5 d5 24. fxg6 fxg6 25. Qh6 Qxf6 26. Rxf6 e3 27. Rf1 e2
28. Re1 Re5 29. Qd2 Rae8 30. Qa5 c4 31. Qxa6 Bf5 32. Qa4 Kg7 33. h3 h5 34. b4
Kh6 35. b5 Bd7 36. Qb4 d4 37. b6 Bc6 38. Qxc4 Bb5 39. Qxd4 Rf5 40. c4 Ba4 41.
Qd2+ Kg7 42. Rxe2 Ref8 43. b7 Bc6 44. Qb2+ Kh6 45. b8=Q 1-0

[Event "4th Mediterranean Open"]
[Site "Rijeka CRO"]
[Date "2010.11.12"]
[Round "3"]
[White "Bontempi, Piero"]
[Black "Baron, Tal"]
[Result "0-1"]
[WhiteTitle "FM"]
[BlackTitle "IM"]
[WhiteElo "2375"]
[BlackElo "2455"]
[WhiteFideId "809250"]
[BlackFideId "2809958"]
[EventDate "2010.11.13"]

1. e4 c5 2. c3 e6 3. d4 cxd4 4. cxd4 d5 5. Nc3 dxe4 6. Nxe4 Nc6 7. Nf3 Be7 8.
Bd3 Nf6 9. Nc3 O-O 10. O-O a6 11. Re1 b5 12. a4 b4 13. Ne4 Bb7 14. Nc5 Bxc5 15.
dxc5 Qd5 16. Be3 Rfd8 17. Be2 Ng4 18. Qc1 Na5 19. h3 Ne5 20. Rd1 Qe4 21. Rxd8+
Rxd8 22. Qf1 Nec4 23. Rd1 Rxd1 24. Qxd1 Bd5 25. Bc1 Qb1 26. Bxc4 Nxc4 27. c6 f6
28. c7 Nd6 29. Kh2 Kf7 30. Qf1 Ke7 31. a5 Kd7 32. Qe1 Qa1 33. Bd2 Qxe1 34. Nxe1
b3 35. Nd3 Kxc7 36. Nf4 Kc6 37. Nh5 Ne8 38. Bc3 e5 39. g4 Bf7 40. Ng3 Kd5 41.
Nf5 Be6 42. Ne3+ Ke4 43. Kg3 Kd3 44. Bb4 g6 45. Ng2 f5 46. gxf5 gxf5 47. Bc3 f4+
48. Kh4 Ke4 49. Ne1 Bc4 50. Kg5 f3 51. h4 Bf7 52. Bd2 Nd6 53. Bb4 Nc4 54. Bc3
Be6 55. Kh6 Bf5 56. Kg5 Be6 57. Kh6 Ne3 58. Kxh7 Nd1 59. Nxf3 Kxf3 60. Bxe5 Kg4
61. Kg6 Bf5+ 62. Kf6 Nxf2 63. Bd4 Ne4+ 64. Ke5 Bg6 65. Kd5 Kxh4 66. Kc6 Bf7 0-1

[Event "4th Mediterranean Open"]
[Site "Rijeka CRO"]
[Date "2010.11.12"]
[Round "3"]
[White "Saric, Ivan"]
[Black "Bukal, Vladimir Jr."]
[Result "1-0"]
[WhiteTitle "GM"]
[BlackTitle "IM"]
[WhiteElo "2574"]
[BlackElo "2390"]
[WhiteFideId "14508150"]
[BlackFideId "14502941"]
[EventDate "2010.11.13"]

1. e4 g6 2. d4 d6 3. Nc3 a6 4. f4 b5 5. Nf3 Nd7 6. e5 Nb6 7. a4 c6 8. axb5 cxb5
9. d5 dxe5 10. Nxe5 Nf6 11. Be3 Bh6 12. Nc6 Qc7 13. Qd4 Na4 14. Nxa4 bxa4 15.
Be2 O-O 16. O-O Bg7 17. Qc5 Re8 18. Rxa4 Bb7 19. Bf3 Rac8 20. c4 Qd7 21. Qa5 e6
22. Ne5 1-0

[Event "4th Mediterranean Open"]
[Site "Rijeka CRO"]
[Date "2010.11.12"]
[Round "3"]
[White "Foglia, Maurizio"]
[Black "Rukavina, Josip"]
[Result "0-1"]
[BlackTitle "IM"]
[WhiteElo "2204"]
[BlackElo "2421"]
[WhiteFideId "806838"]
[BlackFideId "14500191"]
[EventDate "2010.11.13"]

1. d4 g6 2. Bf4 Bg7 3. e3 d6 4. Nf3 Nd7 5. Be2 e5 6. Bg3 Ne7 7. O-O Nf5 8. c4
O-O 9. Nc3 Re8 10. dxe5 dxe5 11. e4 Nxg3 12. hxg3 c6 13. b4 a5 14. a3 Nf8 15.
Na4 Qc7 16. c5 axb4 17. axb4 Ne6 18. Nb6 Rxa1 19. Qxa1 Nd4 20. Bc4 h6 21. Nxc8
Qxc8 22. Qa2 Re7 23. Re1 Qd7 24. Nd2 h5 25. Qb2 h4 26. gxh4 Qg4 27. Qc3 Qxh4 28.
Ra1 Bh6 29. f3 Bxd2 30. Qxd2 Rd7 31. Qa2 Kg7 32. Rf1 Qg5 33. Qf2 Ne6 34. Bxe6
fxe6 35. Re1 Rd4 36. Rb1 Rd2 37. Qf1 Qe3+ 38. Kh1 Rd8 39. g3 Rh8+ 40. Kg2 Qd2+ 0-1

[Event "4th Mediterranean Open"]
[Site "Rijeka CRO"]
[Date "2010.11.12"]
[Round "3"]
[White "Nikolov, Sasho"]
[Black "Doric, Nenad"]
[Result "1/2-1/2"]
[WhiteTitle "IM"]
[BlackTitle "IM"]
[WhiteElo "2458"]
[BlackElo "2320"]
[WhiteFideId "2900297"]
[BlackFideId "14501694"]
[EventDate "2010.11.13"]

1. e4 e5 2. Nf3 Nc6 3. Bb5 a6 4. Ba4 Nf6 5. O-O Be7 6. Re1 b5 7. Bb3 d6 8. c3
O-O 9. d3 Na5 10. Bc2 c5 11. Nbd2 Nc6 12. Nf1 Re8 13. Ng3 g6 14. h3 Bf8 15. a3
Bg7 16. b4 h6 17. Be3 Qe7 18. Bb3 Be6 19. Bxe6 fxe6 20. bxc5 dxc5 21. a4 Rab8
22. axb5 axb5 23. Qd2 Kh7 24. Ra6 Rec8 25. Qa2 Nd7 26. Nd2 Nb6 27. Nb3 Na4 28.
Rc1 Bf8 29. Na5 Nxa5 30. Rxa5 c4 31. dxc4 Rxc4 32. Qb3 Nc5 33. Qd1 Nxe4 34. Nxe4
Rxe4 35. Ra7 Rb7 36. Rxb7 Qxb7 37. Qf3 Bg7 38. Ra1 Qd5 39. Ra7 Ra4 40. Rb7 Qxf3
41. gxf3 Rc4 42. Bd2 Rc5 43. Kf1 g5 44. Rb6 Kg6 45. Rxe6+ Kf5 46. Rb6 e4 47. Be3
Rd5 48. fxe4+ Kxe4 49. Ke2 Bxc3 50. Rxh6 Kf5 51. Kf3 b4 52. Rb6 Re5 53. Rb8 Rd5
54. Rf8+ Bf6 55. Bc1 b3 56. Bb2 Rd3+ 57. Kg2 Rd6 58. Bxf6 Rxf6 59. Rb8 Kg6 60.
Rxb3 Rf4 61. Kg3 Rc4 62. Rb6+ Kf5 63. Rh6 Rc3+ 64. f3 Rc4 65. Rb6 Ra4 66. Rb5+
Kf6 67. Rd5 Rb4 68. Kf2 Rh4 69. Kg3 Ra4 70. Rc5 Rb4 71. Rc8 1/2-1/2

[Event "4th Mediterranean Open"]
[Site "Rijeka CRO"]
[Date "2010.11.12"]
[Round "3"]
[White "Valenti, Giuseppe"]
[Black "Zufic, Miroslav"]
[Result "0-1"]
[WhiteTitle "FM"]
[BlackTitle "IM"]
[WhiteElo "2122"]
[BlackElo "2442"]
[WhiteFideId "801119"]
[BlackFideId "14506157"]
[EventDate "2010.11.13"]

1. b3 e5 2. Bb2 Nc6 3. e3 Nf6 4. Bb5 Bd6 5. Nf3 Qe7 6. d4 exd4 7. Nxd4 Bb4+ 8.
c3 Nxd4 9. Qxd4 Bc5 10. Qh4 b6 11. O-O Bb7 12. Nd2 O-O-O 13. Rfe1 g5 14. Qh3 h5
15. Bf1 h4 16. Qf5 Ne4 17. Nf3 f6 18. b4 Bd6 19. a4 g4 20. Qxg4 h3 21. Bc4 hxg2
22. Rad1 f5 23. Qg6 Ng5 0-1

[Event "4th Mediterranean Open"]
[Site "Rijeka CRO"]
[Date "2010.11.12"]
[Round "3"]
[White "Loncar, Robert"]
[Black "Butuc, Maria"]
[Result "1-0"]
[WhiteTitle "IM"]
[BlackTitle "WIM"]
[WhiteElo "2404"]
[BlackElo "2180"]
[WhiteFideId "14501325"]
[BlackFideId "13902911"]
[EventDate "2010.11.13"]

1. e4 c6 2. Nf3 d5 3. exd5 cxd5 4. Ne5 Nf6 5. d4 g6 6. c3 Bg7 7. Bd3 O-O 8. O-O
Be6 9. h3 Qc8 10. Re1 Nc6 11. Bf4 Nxe5 12. Bxe5 Bf5 13. Bf1 Qd7 14. a4 a6 15.
Nd2 Ne4 16. Nb3 Bxe5 17. dxe5 Rac8 18. Nd4 Be6 19. Bd3 Nc5 20. Bc2 Qc7 21. Qd2
Bd7 22. Qh6 Ne6 23. Rad1 Qb6 24. Nf5 Rfe8 25. Rd4 Rc4 26. Rxc4 dxc4 27. Re4 gxf5
28. Rg4+ 1-0

[Event "4th Mediterranean Open"]
[Site "Rijeka CRO"]
[Date "2010.11.12"]
[Round "3"]
[White "Nevednichy, Vladislav"]
[Black "Brumen, Dinko"]
[Result "1-0"]
[WhiteTitle "GM"]
[BlackTitle "IM"]
[WhiteElo "2547"]
[BlackElo "2359"]
[WhiteFideId "1205730"]
[BlackFideId "14501490"]
[EventDate "2010.11.13"]

1. e4 e6 2. d3 d5 3. Nd2 Nf6 4. Ngf3 dxe4 5. dxe4 Bc5 6. Be2 Nc6 7. O-O O-O 8.
c3 a5 9. a4 e5 10. Qc2 Bg4 11. h3 Bh5 12. Bb5 Qe7 13. Nh4 Bg6 14. g3 Na7 15. Bc4
Nc8 16. Nxg6 hxg6 17. Kg2 Nd6 18. Ba2 Qd7 19. Qd3 Qc6 20. Re1 Kh8 21. Nf3 Rae8
22. Bb1 Nh7 23. Nh4 g5 24. Nf3 f6 25. Be3 Rd8 26. Bxc5 Qxc5 27. Qe2 Qc6 28. Ba2
g6 29. h4 Kg7 30. hxg5 Nxg5 31. Nxg5 fxg5 32. Qg4 Qc5 33. Re2 Rf6 34. Rf1 Rdf8
35. Bd5 c6 36. Ba2 b5 37. axb5 Qxb5 38. Rd2 Qc5 39. Qd7+ Nf7 40. Qh3 Rd6 41.
Rxd6 Qxd6 42. Bxf7 Rxf7 43. Rh1 Qf8 44. Kg1 Kf6 45. Qg4 Qc5 46. Qe2 Kg7 47. Kg2
Rd7 48. Rf1 Qd6 49. Qe3 g4 50. Ra1 Rb7 51. Rxa5 Rxb2 52. Ra6 Kf6 53. Qh6 Rxf2+ 1-0

[Event "4th Mediterranean Open"]
[Site "Rijeka CRO"]
[Date "2010.11.14"]
[Round "3.20"]
[White "Fucak, Emilijo"]
[Black "Naslund, Mikael"]
[Result "1/2-1/2"]
[WhiteTitle "FM"]
[BlackTitle "FM"]
[WhiteElo "2280"]
[BlackElo "2151"]
[WhiteFideId "14501023"]
[BlackFideId "1708260"]
[EventDate "2010.11.13"]

1. e4 c5 2. c3 g6 3. d4 cxd4 4. cxd4 d5 5. exd5 Nf6 6. Nc3 Bg7 7. Bc4 O-O 8.
Nge2 Nbd7 9. Bb3 Nb6 10. Nf4 Bf5 11. O-O Rc8 12. Be3 Qd7 13. Qe2 h6 14. h4 Ne4
15. Rac1 Rfd8 16. Rfe1 Bf6 17. d6 Nxc3 18. bxc3 exd6 1/2-1/2

[Event "4th Mediterranean Open"]
[Site "Rijeka CRO"]
[Date "2010.11.14"]
[Round "3.23"]
[White "Ionica, Iulia-Ionela"]
[Black "Pavlovic, Ranko"]
[Result "1/2-1/2"]
[WhiteTitle "WGM"]
[BlackTitle "FM"]
[WhiteElo "2244"]
[BlackElo "2242"]
[WhiteFideId "1205480"]
[BlackFideId "14501988"]
[EventDate "2010.11.13"]

1. e4 e6 2. d4 d5 3. exd5 exd5 4. Bd3 Bd6 5. c3 c6 6. Ne2 Ne7 7. O-O O-O 8. Bf4
Bf5 9. Bxd6 Qxd6 10. Bxf5 Nxf5 11. Qd3 1/2-1/2

[Event "4th Mediterranean Open"]
[Site "Rijeka CRO"]
[Date "2010.11.14"]
[Round "3.22"]
[White "Ostling, Hakan"]
[Black "Hagesaether, Ellen"]
[Result "0-1"]
[BlackTitle "WIM"]
[WhiteElo "2207"]
[BlackElo "2275"]
[WhiteFideId "1708635"]
[BlackFideId "1501909"]
[EventDate "2010.11.13"]

1. f4 d5 2. Nf3 g6 3. g3 Bg7 4. Bg2 Nh6 5. d3 O-O 6. O-O d4 7. c3 c5 8. e4 dxe3
9. Bxe3 Qc7 10. Kh1 Nf5 11. Bf2 h5 12. Nbd2 Nd7 13. a4 Rb8 14. Nc4 Nf6 15. Nfe5
Be6 16. Qe2 Bd5 17. Bxd5 Nxd5 18. Nxg6 Nxc3 19. Nxe7+ Nxe7 20. bxc3 b6 21. Qxh5
Rbd8 22. Ne5 Nc6 23. Nf3 Rxd3 24. Ng5 Rfd8 25. Qh7+ Kf8 26. Bd4 cxd4 27. Qxd3
dxc3 28. Qf5 Nd4 29. Qe4 c2 30. Rac1 f5 31. Qxf5+ Nxf5 32. Ne6+ Kf7 33. Nxc7 Ne3
34. Rfe1 Rd1 35. Rexd1 cxd1=Q+ 36. Rxd1 Nxd1 37. Nb5 a5 38. Kg2 Nb2 39. Kf3 Nxa4
40. g4 Nc3 41. Nd6+ Ke6 42. Nc4 a4 43. f5+ Kf7 44. g5 b5 45. Nd2 Be5 46. h4 a3
47. h5 Na4 48. g6+ Kg7 0-1

[Event "4th Mediterranean Open"]
[Site "Rijeka CRO"]
[Date "2010.11.15"]
[Round "4.1"]
[White "Predojevic, Borki"]
[Black "Popovic, Dusan"]
[Result "1/2-1/2"]
[WhiteTitle "GM"]
[BlackTitle "GM"]
[WhiteElo "2632"]
[BlackElo "2546"]
[WhiteFideId "930849"]
[BlackFideId "927031"]
[EventDate "2010.11.13"]

1. e4 c5 2. Nf3 d6 3. d4 cxd4 4. Nxd4 Nf6 5. Nc3 a6 6. Be3 e5 7. Nf3 Qc7 8. a4
Be7 9. a5 O-O 10. Be2 Nc6 11. Bb6 Qb8 12. Nd5 Nxe4 13. Bc7 Qa7 14. Bb6 Qb8 15.
Bc7 Qa7 16. Bb6 Qb8 17. Bc7 1/2-1/2

[Event "4th Mediterranean Open"]
[Site "Rijeka CRO"]
[Date "2010.11.15"]
[Round "4.3"]
[White "Lenic, Luka"]
[Black "Berescu, Alin-Mile"]
[Result "1/2-1/2"]
[WhiteTitle "GM"]
[BlackTitle "GM"]
[WhiteElo "2619"]
[BlackElo "2468"]
[WhiteFideId "14603853"]
[BlackFideId "1204920"]
[EventDate "2010.11.13"]

1. d4 Nf6 2. c4 e6 3. Nf3 b6 4. a3 Bb7 5. Nc3 d5 6. cxd5 Nxd5 7. Qc2 Be7 8. e4
Nxc3 9. bxc3 O-O 10. Bd3 c5 11. O-O Qc7 12. Qe2 Nd7 13. Bb2 Rac8 14. a4 e5 15.
Bb5 Nf6 16. d5 Ne8 17. c4 f6 18. a5 Rd8 19. Ba4 Nd6 20. Bc2 Bc8 21. Nd2 Bd7 22.
Bd3 Rb8 23. Bc3 b5 24. cxb5 Nxb5 25. Rfc1 Nxc3 26. Rxc3 Rb2 27. Qd1 Rb4 28. Nc4
Bd6 29. Rac1 Rc8 30. Be2 Ba4 31. Qd2 Rcb8 32. Bg4 Bd7 33. Qd1 Bxg4 34. Qxg4 Bf8
35. h3 Qc8 36. Qd1 Qd7 37. Kh2 g6 38. g3 Bh6 39. R1c2 Bf8 40. Kg2 Kg7 41. f4
exf4 42. gxf4 Rd8 43. Rd2 Qb5 44. Qe2 Qb7 45. Qf3 Qb5 46. Qd3 Qb8 47. e5 fxe5
48. fxe5 Rxc4 49. Rxc4 Qxe5 50. Qc3 Qxc3 51. Rxc3 Kf6 52. Re3 c4 53. Re6+ Kg5
54. Rc6 Bb4 55. Rd4 Bxa5 56. Rcxc4 Kf5 57. Kf3 Ke5 58. Rh4 h5 59. Rc6 Rf8+ 60.
Ke2 Rg8 61. Rc5 Bb6 62. Rb5 Rd8 63. d6+ Kxd6 64. Rg5 Re8+ 65. Kd3 Re3+ 66. Kc4
Re6 67. Kd3 Re3+ 68. Kc4 Re6 69. Kd3 1/2-1/2

[Event "4th Mediterranean Open"]
[Site "Rijeka CRO"]
[Date "2010.11.15"]
[Round "4.4"]
[White "Haznedaroglu, Kivanc"]
[Black "Brkic, Ante"]
[Result "1-0"]
[WhiteTitle "GM"]
[BlackTitle "GM"]
[WhiteElo "2439"]
[BlackElo "2564"]
[WhiteFideId "6300634"]
[BlackFideId "14506688"]
[EventDate "2010.11.13"]

1. e4 c5 2. Nf3 d6 3. d4 cxd4 4. Nxd4 Nf6 5. Nc3 a6 6. Bg5 Nbd7 7. Bc4 Qb6 8.
Bb3 e6 9. f3 Be7 10. Qd2 Nc5 11. h4 Qc7 12. O-O-O b5 13. Kb1 Bd7 14. a3 O-O 15.
g4 Qb7 16. h5 a5 17. h6 g6 18. Nf5 gxf5 19. Bh4 Rfb8 20. Qg5+ Kf8 21. Qg7+ Ke8
22. Bxf6 Bf8 23. Qxh7 Nxb3 24. Qg8 1-0

[Event "4th Mediterranean Open"]
[Site "Rijeka CRO"]
[Date "2010.11.15"]
[Round "4.5"]
[White "Baron, Tal"]
[Black "Kozul, Zdenko"]
[Result "0-1"]
[WhiteTitle "IM"]
[BlackTitle "GM"]
[WhiteElo "2455"]
[BlackElo "2595"]
[WhiteFideId "2809958"]
[BlackFideId "14502879"]
[EventDate "2010.11.13"]

1. e4 c5 2. Nf3 Nc6 3. d4 cxd4 4. Nxd4 Nf6 5. Nc3 d6 6. Bg5 e6 7. Qd2 a6 8.
O-O-O Bd7 9. f4 b5 10. Bxf6 gxf6 11. Kb1 Qb6 12. Nxc6 Bxc6 13. f5 h5 14. fxe6
fxe6 15. Qf4 Qc5 16. Qxf6 Qe5 17. Qxe5 dxe5 18. Bd3 Bc5 19. Ne2 Rg8 20. g3 Ke7
21. Rhf1 Raf8 22. a3 Bf2 23. Nc1 h4 24. gxh4 Rg4 25. Nb3 Rxh4 26. Rd2 Rhf4 27.
Re2 Be8 28. c4 Bb6 29. Rh1 Rf3 30. Nc1 Be3 31. Na2 Bh6 32. Kc2 Bh5 33. Rhe1 Rd8
34. Nb4 Rc8 35. Rg2 bxc4 36. Bf1 Rf4 37. Nxa6 Bf3 38. Rg3 Bxe4+ 39. Kc3 Bf5 40.
Rd1 Rf2 41. Rg2 Rf3+ 42. Kb4 Rb3+ 43. Ka5 Be3 44. Nb4 Bd4 45. Rdd2 c3 46. bxc3
Rxa3+ 47. Kb5 Rb8+ 0-1

[Event "4th Mediterranean Open"]
[Site "Rijeka CRO"]
[Date "2010.11.15"]
[Round "4.6"]
[White "Martinovic, Sasa"]
[Black "Saric, Ivan"]
[Result "1/2-1/2"]
[WhiteTitle "IM"]
[BlackTitle "GM"]
[WhiteElo "2502"]
[BlackElo "2574"]
[WhiteFideId "14509792"]
[BlackFideId "14508150"]
[EventDate "2010.11.13"]

1. d4 d5 2. c4 c6 3. Nc3 Nf6 4. e3 e6 5. Nf3 Nbd7 6. Qc2 Bd6 7. g4 h6 8. Rg1 b5
9. cxb5 c5 10. Bd2 Bb7 11. O-O-O Rc8 12. g5 hxg5 13. Nxg5 Bxh2 14. Rg2 Qe7 15.
Bd3 Bb8 16. Rdg1 Rg8 17. Kb1 c4 18. Be2 g6 19. f3 e5 20. dxe5 Qxe5 21. f4 Qf5
22. Qxf5 gxf5 23. Bf3 Rc5 24. Ne2 Rxb5 25. Nd4 Rb6 26. Nxf5 Bc8 27. Bc3 Rg6 28.
Nh4 Rh6 29. Nf5 Rg6 30. Bd4 Ra6 31. Nh4 Rh6 32. Nf5 Rg6 33. Rh1 Nf8 34. Ng3 Bd6
35. Bd1 Be7 36. Bc2 Rg8 37. Rd2 Ne6 38. Nxe6 fxe6 39. Nh5 Nxh5 40. Rxh5 Bd7 41.
a3 Ba4 42. Bxa4+ Rxa4 43. f5 exf5 44. Rxf5 Rg5 45. Rxg5 Bxg5 46. Bc3 Kf7 47.
Rxd5 Bxe3 48. Rf5+ Kg8 49. Rf6 Bc5 50. Ka2 Be7 51. Rc6 Kf7 52. Bd4 Ke8 53. Rc7
Kd8 54. Rb7 Bd6 55. Kb1 Kc8 56. Rh7 Bc7 57. Kc2 Ra6 58. Kc3 Rc6 59. Bxa7 Be5+
60. Bd4 Bxd4+ 61. Kxd4 c3 62. bxc3 Ra6 63. c4 Rxa3 64. Kd5 Ra6 65. c5 Rg6 66.
Ke4 1/2-1/2

[Event "4th Mediterranean Open"]
[Site "Rijeka CRO"]
[Date "2010.11.15"]
[Round "4.7"]
[White "Caspi, Israel"]
[Black "Nevednichy, Vladislav"]
[Result "0-1"]
[WhiteTitle "IM"]
[BlackTitle "GM"]
[WhiteElo "2460"]
[BlackElo "2547"]
[WhiteFideId "2807394"]
[BlackFideId "1205730"]
[EventDate "2010.11.13"]

1. e4 e6 2. d4 d5 3. Nd2 a6 4. Ngf3 Nf6 5. e5 Nfd7 6. Bd3 c5 7. c3 Nc6 8. O-O g5
9. b3 g4 10. Ne1 cxd4 11. cxd4 Nxd4 12. Qxg4 Nc6 13. f4 Nc5 14. Kh1 Qa5 15. Bc2
Nd4 16. Qd1 Bd7 17. Bb2 Nxc2 18. Nxc2 Nd3 19. Bd4 Rg8 20. a3 Qd8 21. Qh5 h6 22.
Rf3 Nc5 23. Ne3 Ne4 24. Nxe4 dxe4 25. Rf2 Bb5 26. Rd2 Bd3 27. Bb2 Qb6 28. Ng4
O-O-O 29. Nf6 Rg7 30. Rc1+ Kb8 31. Qd1 Be7 32. Qe1 e3 33. Rdd1 e2 34. Rxd3 Rxd3
35. Qxe2 Qxb3 36. g3 Rg6 37. Qg2 a5 38. Qe2 a4 39. Qf2 h5 40. Bd4 Rd1+ 41. Rxd1
Qxd1+ 42. Kg2 Rxf6 43. exf6 Bxa3 44. Be5+ Bd6 45. Qb6 Bxe5 46. fxe5 Qe2+ 47. Kh3
Qg4+ 48. Kg2 Qe4+ 49. Kh3 Qf5+ 50. Kg2 Qxe5 51. Qd8+ Ka7 52. Qe8 Qb2+ 53. Kh3 a3
54. Qd8 Qe5 55. Qe7 Qf5+ 56. Kg2 Qa5 57. Qxf7 Qd5+ 58. Kh3 a2 0-1

[Event "4th Mediterranean Open"]
[Site "Rijeka CRO"]
[Date "2010.11.15"]
[Round "4.8"]
[White "Rukavina, Josip"]
[Black "Kurajica, Bojan"]
[Result "1/2-1/2"]
[WhiteTitle "IM"]
[BlackTitle "GM"]
[WhiteElo "2421"]
[BlackElo "2529"]
[WhiteFideId "14500191"]
[BlackFideId "14400057"]
[EventDate "2010.11.13"]

1. d4 Nf6 2. Nf3 d5 3. c4 e6 4. Nc3 Be7 5. Bg5 h6 6. Bh4 O-O 7. e3 b6 8. Rc1 Bb7
9. Bxf6 Bxf6 10. cxd5 exd5 11. Be2 Re8 12. O-O c6 1/2-1/2

[Event "4th Mediterranean Open"]
[Site "Rijeka CRO"]
[Date "2010.11.15"]
[Round "4.9"]
[White "Cvitan, Ognjen"]
[Black "Fercec, Nenad"]
[Result "1-0"]
[WhiteTitle "GM"]
[BlackTitle "GM"]
[WhiteElo "2526"]
[BlackElo "2491"]
[WhiteFideId "14500086"]
[BlackFideId "14500299"]
[EventDate "2010.11.13"]

1. d4 Nf6 2. Nf3 g6 3. Bf4 Bg7 4. e3 d5 5. Be2 O-O 6. O-O c5 7. c3 Nc6 8. Nbd2
cxd4 9. exd4 Bf5 10. h3 a6 11. a4 Na5 12. Re1 Bd7 13. b4 Nc6 14. Bd3 Rc8 15. Nb3
Bf5 16. Nc5 Bxd3 17. Qxd3 1-0